| 000 | 00766nam a2200217 a 4500 | ||
|---|---|---|---|
| 001 | 000034812 | ||
| 005 | 20200930073923.0 | ||
| 008 | 111020s1963 sp 000 0 spa d | ||
| 040 |
_aDO-SdBNP _bspa _cBNPHU |
||
| 082 |
_axxxx _bR722p |
||
| 100 | 1 |
_aRoger Riviere, Juan _960331 |
|
| 245 | 1 | 0 |
_aPsicología de los pueblos : / _ccómo son los franceses, alemanes, etc., de hoy. |
| 260 |
_aMadrid : _bRialp, _c1963. |
||
| 300 |
_a233 p. ; _c23 cm. |
||
| 490 | 1 | _aLibros de periodismo rialp | |
| 500 | _aIncluye referencias bibliográficas y notas al pie de las páginas. | ||
| 504 | _aBibliografía : p. 220 - 221. | ||
| 590 | _aPerteneció a la biblioteca personal de Juan Isidro Jimenes Grullón | ||
| 830 | 0 |
_aLibros de periodismo rialp _960332 |
|
| 049 | _aBNGR | ||
| 999 |
_c34303 _d34303 |
||